Insurgent / (Record no. 234406)

000 -LEADER
fixed length control field 01838cam a2200397 a 4500
001 - CONTROL NUMBER
control field 17176615
003 - CONTROL NUMBER IDENTIFIER
control field Nust
005 - DATE AND TIME OF LATEST TRANSACTION
control field 20170320132311.0
008 - FIXED-LENGTH DATA ELEMENTS--GENERAL INFORMATION
fixed length control field 120222s2012 nyu d 000 1 eng
010 ## - LIBRARY OF CONGRESS CONTROL NUMBER
LC control number 2011053287
020 ## - INTERNATIONAL STANDARD BOOK NUMBER
International Standard Book Number 9780007536740 (pbk)
040 ## - CATALOGING SOURCE
Original cataloging agency DLC
Transcribing agency DLC
042 ## - AUTHENTICATION CODE
Authentication code pcc
-- lcac
050 00 - LIBRARY OF CONGRESS CALL NUMBER
Classification number PZ7.R7375
Item number Ins 2012
082 00 - DEWEY DECIMAL CLASSIFICATION NUMBER
Classification number 823
Author Mark ROT
084 ## - OTHER CLASSIFICATION NUMBER
Classification number JUV053000
-- JUV014000
-- JUV039020
Number source bisacsh
100 1# - MAIN ENTRY--PERSONAL NAME
Personal name Roth, Veronica.
245 10 - TITLE STATEMENT
Title Insurgent /
Statement of responsibility, etc. Veronica Roth.
250 ## - EDITION STATEMENT
Edition statement 1st ed.
260 ## - PUBLICATION, DISTRIBUTION, ETC.
Place of publication, distribution, etc. New York :
Name of publisher, distributor, etc. Katherine Tegen Books,
Date of publication, distribution, etc. 2012.
300 ## - PHYSICAL DESCRIPTION
Extent 525 p. ;
Dimensions 22 cm.
500 ## - GENERAL NOTE
General note Sequel to: Divergent.
500 ## - GENERAL NOTE
General note Sequel: Allegiant.
520 ## - SUMMARY, ETC.
Summary, etc. "As war surges in the dystopian society around her, sixteen-year-old Divergent Tris Prior must continue trying to save those she loves--and herself--while grappling with haunting questions of grief and forgiveness, identity and loyalty, politics and love"--
Assigning source Provided by publisher.
650 #1 - SUBJECT ADDED ENTRY--TOPICAL TERM
Topical term or geographic name entry element Identity
Form subdivision Fiction.
650 #1 - SUBJECT ADDED ENTRY--TOPICAL TERM
Topical term or geographic name entry element Families
Form subdivision Fiction.
650 #1 - SUBJECT ADDED ENTRY--TOPICAL TERM
Topical term or geographic name entry element Courage
Form subdivision Fiction.
650 #1 - SUBJECT ADDED ENTRY--TOPICAL TERM
Topical term or geographic name entry element Social classes
Form subdivision Fiction.
650 #1 - SUBJECT ADDED ENTRY--TOPICAL TERM
Topical term or geographic name entry element Science fiction.
650 #7 - SUBJECT ADDED ENTRY--TOPICAL TERM
Topical term or geographic name entry element JUVENILE FICTION / Science Fiction.
Source of heading or term bisacsh
650 #7 - SUBJECT ADDED ENTRY--TOPICAL TERM
Topical term or geographic name entry element JUVENILE FICTION / Girls & Women.
Source of heading or term bisacsh
650 #7 - SUBJECT ADDED ENTRY--TOPICAL TERM
Topical term or geographic name entry element JUVENILE FICTION / Social Issues / Adolescence.
Source of heading or term bisacsh
856 42 - ELECTRONIC LOCATION AND ACCESS
Materials specified Cover image
Uniform Resource Identifier <a href="www.harpercollins.com/harperimages/isbn/tiff/6/9780062024046.tif">www.harpercollins.com/harperimages/isbn/tiff/6/9780062024046.tif</a>
906 ## - LOCAL DATA ELEMENT F, LDF (RLIN)
a 7
b cbc
c orignew
d 1
e ecip
f 20
g y-gencatlg
942 ## - ADDED ENTRY ELEMENTS (KOHA)
Source of classification or shelving scheme
Koha item type Book
Holdings
Withdrawn status Lost status Source of classification or shelving scheme Damaged status Not for loan Collection code Permanent Location Current Location Shelving location Date acquired Total Checkouts Total Renewals Full call number Barcode Date last seen Date last checked out Copy number Price effective from Koha item type
            Central Library (CL) Central Library (CL) Fiction 03/20/2017 5 4 823 ROT CL3004 03/14/2024 06/27/2023 1 03/20/2017 Book
© 2023 Central Library, National University of Sciences and Technology. All Rights Reserved.